000 00881nam a2200157 a 4500
008 200114s2017 ||||||||||||||||| || u
020 _a9789211284065
050 _aUNESCWA(02)2017-18/5
110 _aUnited Nations Economic and Social Commission for Western Asia (UNESCWA)
245 1 0 _aSurvey of economic and social developments in the Arab region
_cUnited nations economic and social commission for western Asia
260 _aBeirut:
_bUnited Nations Economic and Social Commission for Western Asia (UN-ESCWA)
_c2017
300 _a143 pages.: illustrations
650 0 _aARAB COUNTRIES--SOCIAL CONDITIONS
650 0 _aARAB COUNTRIES--ECONOMIC CONDITIONS
995 _FCBU-MAIN LIBRARY (Kitwe)
_M1
_UAVAILABLE
_WJan 14, 2020
_XUnited Nations Economic and Social Commission for Western Asia
_ZMain Library Open Access Collection
999 _c59163
_d59163